000 00235nam a2200097Ia 4500
001 721533
005 20250826163254.0
008 250824s9999 xx 000 0 und d
245 0 _aKIRIK BEBEKLER
_cJAMES CAROL
260 _bPANAMA YAYINLARI
999 _c721533
_d721533